Responses for Show #1102 - Tuesday, May 23, 1989

Rich Lerner game 1.

Contestants

[<< previous game]

Janet Williams, a teacher from Sturgis, Michigan

Rich Lerner, a lawyer from Silver Spring, Maryland

Lisa Miller, an accounting clerk from San Antonio, Texas (whose 1-day cash winnings total $14,200)

[next game >>]

Jeopardy! Round responses

WORLD GEOGRAPHY
CELEBRITY AUTHORS
ARTISTS
ABBREV.
SONGS
THE FARMER'S ALMANAC
    $100 7
Antarctica

Lisa
    $100 1
Cher

Lisa
    $100 14
blue

Janet
    $100 22
TNT

Lisa
    $100 6
the walls

Rich
    $100 16
Twinkies

Janet
    $200 10
(Janet: What is Alexandria?)

Cairo

RichJanet
    $200 2
Beverly Sills

Janet
    $200 15
Georgia O'Keeffe

Lisa
    $200 23
(Rich: What are the Jaycees?)
(Alex: Spelling, please.)

J-A-Y-C-E-E-S

Rich
    $200 8
Paris

Lisa
    $300 11
(Lisa: What is Brasília?)

São Paulo

LisaRich
    $300 3
Alistair Cooke

Lisa
    $500 17
Norman Rockwell

Janet
    $300 9
listen to me

Rich
    $400 12
Wales

Janet
    $400 4
(Rich: Who was... Bette Davis?)

Christina Crawford

Rich
Triple Stumper
    $400 18
Limoges

Janet
    $400 25
kg

Rich
    $400 20
"Weird Al" Yankovic

Rich
    $400 27
[The end-of-round signal sounds.]

(1 of) Pluto, Neptune or Uranus

Rich
    $500 13
(Rich: What is Acadia?)
(Janet: What's the Gaspe Peninsula?)
...
(Alex: Acadia is on the Gaspe peninsula. Most of Newfoundland is on [*]. The two of you lost some money on that one, and it cost you dearly.)

the Labrador Peninsula

RichJanet
Triple Stumper
    $500 5
(Janet: Who is Betty White?)

Estelle Getty

LisaJanet
    $500 19
Peale

Janet
    $500 24
(1 of) Radio, Keith, or Orpheum

Lisa
    $500 21
New York

Triple Stumper
    $500 26
(Rich: What are ladybugs?)

spiders

Rich
Triple Stumper

Scores at the first commercial break (after clue 13):

Lisa Rich Janet
$900 $0 -$600

Scores at the end of the Jeopardy! Round:

Lisa Rich Janet
$1,700 $900 $1,000

Double Jeopardy! Round responses

SHAKESPEAREAN TRIVIA
FASHION
MAGAZINES
RELIGIOUS LEADERS
BOSTON
HERSTORY
(Alex: All of the correct responses will be about women.)
    $200 23
(Janet: What is Midsummer Night's Dream?)

The Winter's Tale

RichJanet
    $200 16
pedal-pushers

Rich
    $200 3
Us

Rich
    $200 17
the pope

Janet
    $200 1
beans

Rich
    $200 10
(Alex: Yes, she was Mao's widow.)

the Gang of Four

Rich
    $400 24
England & France

Janet
    $400 22
[ERRATUM: "Tight-fitting" was misspelled as "tight-fighting" in the clue as shown.]

hotpants

Rich
    $400 6
(Norman Vincent) Peale

Lisa
    $1,000 18
Mohammed

Janet
    $400 2
(Alex: "Honey Fitz" Fitzgerald was the mayor.)

(John F.) Kennedy

Lisa
    $400 11
(Ethel) Rosenberg

Janet
    $600 25
(Janet: What is Aigner?)
...
[The end-of-round signal sounds.]

Gucci

LisaJanet
    $600 7
Playboy

Janet
    $600 19
(Janet: What is 100?)

95

Janet
Triple Stumper
    $600 4
Brahmins

Rich
    $600 12
Bernadette Devlin

Lisa
    $800 8
(Norman) Cousins

Rich
    $800 20
Roger Williams

Janet
    $800 5
Beacon Hill

Janet
    $800 13
(Margaret) Sanger

Janet
    $1000 15
Diana Vreeland

Triple Stumper
    $1000 21
Saint Augustine

Triple Stumper
    $1000 9
the Freedom Trail

Rich
    $1000 14
Secretary of Labor

Lisa

Scores at the end of the Double Jeopardy! Round:

Lisa Rich Janet
$4,700 $4,700 $4,600

[wagering suggestions for these scores]

Final Jeopardy! Round responses

LITERATURE
[Rich's response was revealed before Lisa's.]
(Alex: [To Rich] Philip Nolan was The Man Without a Country. Spent most of his life [*], and did make that request, that he be buried [*]. You're right.)
JanetWhere is in the US?
$4,600
RichWhat is at sea?
$4,700
LisaWhat is?
$4,700
at sea

Final scores:

Lisa Rich Janet
$0 $9,400 $0
2nd place: a trip to New York City on Continental, with room at the Halloran House + Jeopardy! box game from Pressman or Jeopardy!Challenger scorekeeper New champion: $9,400 + Jeopardy! box game from Pressman or Jeopardy!Challenger scorekeeper 3rd place: his & her Greif Companies taylored clothing + Jeopardy! box game from Pressman or Jeopardy!Challenger scorekeeper

Game dynamics:

Coryat scores:

Lisa Rich Janet
$4,700 $4,700 $3,800
13 R,
1 W
17 R,
3 W
15 R
(including 2 DDs),
6 W

Combined Coryat: $13,200

[game clues] [game scores] [suggest correction]

Game tape date: 1989-01-31
The J! Archive is created by fans, for fans. Scraping, republication, monetization, and malicious use prohibited; this site may use cookies and collect identifying information. See terms. The Jeopardy! game show and all elements thereof, including but not limited to copyright and trademark thereto, are the property of Jeopardy Productions, Inc. and are protected under law. This website is not affiliated with, sponsored by, or operated by Jeopardy Productions, Inc. Join the discussion at JBoard.tv.